01179nam a2200277 a 4500001001000000003000900010005001700019007000300036008004100039040002500080082002400105100004300129245008700172246005200259260004100311300002900352500007300381505005200454590002700506651005600533910003700589942001400626952011900640952012500759999001700884000026245DO-SdBNP20251128091534.0ta110307s1974 dr 000 0 spa d aDO-SdBNPbspacBNPHU 4a972.9304bM491f2221 aMedina Benet, Víctor Md1907-9532721 aFracaso de la tercera república :blos responsables /cVíctor M. Medina Benet.04aFracaso de la 3ª república: los responsables aSanto Domingo :bArte y Cine,c1974. a478 p. ;bil., ;c22 cm. aIncluye referencias bibliográficas y notas al pie de las páginas aNarraciones de historias dominicanas, 1924-1930 aInventariado, 2023/MFF 0aRepública Dominicana xHistoria y1844-193091009 aValidado. Control de calidad MFF 2ddccLBS1 00102ddc51708PDaBNPHUbBNPHUcHDd2011-03-07oBNPHU PD 972.9304 M491fp26245-10r2020-06-25w2020-06-25yLBS1 00102ddc51708PDaBNPHUbBNPHUcHDd2011-04-19oBNPHU PD 972.9304 M491fp26245-20r2020-06-25te. 2w2020-06-25yLBS1 c25737d25737